000 00636nam a2200277Ia 4500
005 20260324134821.0
008 008 260324s9999 xx 000 0 eng d
020 _a9780429152665
037 _aEBOOK
040 _aCRL
040 _beng
040 _cCRL
041 _2eng
041 _aeng
084 _qCRL
100 _aFrank D. Gunstone
_91198270
245 0 _aStructured and Modified Lipids
260 _bTaylor and Francis
260 _c2001
365 _a
365 _b680
856 _uhttp://www.taylorfrancis.com/books/9780429152665
942 _cEBOOK
999 _c1798712
_d1798712